|
|
|
|
| LEADER |
01188naa a2200253 i 4500 |
| 001 |
acta89755 |
| 005 |
20260303092331.0 |
| 008 |
260303s2025 hu o 100 eng d |
| 020 |
|
|
|a 978-963-688-044-6
|
| 040 |
|
|
|a SZTE Egyetemi Kiadványok Repozitórium
|b hun
|
| 041 |
|
|
|a eng
|
| 100 |
1 |
|
|a Süli Ágnes
|
| 245 |
1 |
0 |
|a Preserving silage quality
|h [elektronikus dokumentum] :
|b the science behind aerobic stability and spoilage control : [abstract] /
|c Süli Ágnes
|
| 260 |
|
|
|a Szegedi Tudományegyetem Mezőgazdasági Kar
|b Hódmezővásárhely
|c 2025
|
| 300 |
|
|
|a 30
|
| 490 |
0 |
|
|a Wellmann International Scientific Conference
|v 22
|
| 650 |
|
4 |
|a Mezőgazdaság-tudományok
|
| 650 |
|
4 |
|a Mezőgazdaság, erdészet, halászat
|
| 695 |
|
|
|a Takarmány - szántóföldi - mezőgazdasági - előadáskivonat, Erjesztéstechnológia - előadáskivonat, Mikrobiológia - előadáskivonat
|
| 700 |
0 |
1 |
|a Mikó Edit
|e aut
|
| 700 |
0 |
1 |
|a Orosz Szilvia
|e aut
|
| 700 |
0 |
2 |
|a Gémes-Matusek Krisztina
|e aut
|
| 711 |
|
|
|a 22th Wellmann International Scientific Conference
|c Hódmezővásárhely
|d 2025. május 15.
|
| 856 |
4 |
0 |
|u http://acta.bibl.u-szeged.hu/89755/1/wellmann_abstracts_2025_030.pdf
|z Dokumentum-elérés
|